MESTSKÁ KNIŽNICA GIRALTOVCE  - online katalóg 

Poklad pána Arneho (Record no. 12008)

000 -NÁVESTIE
fixed length control field 00356nam a2200145 a 4500
008 - ÚDAJE S PEVNOU DĹŽKOU – VŠEOBECNÉ INFORMÁCIE
fixed length control field 990806s1970||||xx 0 und c
040 ## - ZDROJ KATALOGIZÁCIE
Pôvodná katalogizujúca agentúra SNK
Jazyk katalogizácie slo
Prepisujúca agentúra SNK
Konvencie popisu AACR2
020 ## - MEDZINÁRODNÉ ŠTANDARDNÉ ČÍSLO KNIHY (ISBN)
Údaje o dostupnosti 14
044 ## - KÓD KRAJINY VYDAVATEĽA/PRODUCENTA
Kód krajiny MARC xo
Kód krajiny ISO SK
041 ## - KÓD JAZYKA
Kód jazyka textu/zvukovej stopy alebo samostatných nápisov slo
100 1# - OSOBNÉ MENÁ – VŠEOBECNÉ INFORMÁCIE
Osobné meno Lagerlöf, Selma
245 10 - NÁZOV
Názov Poklad pána Arneho
260 ## - VYDAVATEĽSKÉ ÚDAJE, DISTRIBÚCIA ATĎ.
Miesto publikovania, distribúcie atď. Bratislava
Názov vydavateľa, distibútora atď. Slovenský spisovateľ
Dátum publikovania, distribúcie atď. 1970
300 ## - FYZICKÝ POPIS
Rozsah 148 s.
Holdings
Stav stiahnutia (Blokovanie) (Withrawn status) Stav straty Stav poškodenia (Damaged status) Nie pre výpožičky (Not for loan) Spôsob nadobudnutia (Collection code) Trvalé umiestnenie Aktuálne umiestnenie Dátum nadobudnutia Náklady, bežná kúpna cena Inventárne číslo (prírastkové číslo) Full call number Dátum posledného výskytu Cena s účinnosťou od Typ jednotky Koha
        Kúpa Mestská knižnica Giraltovce Mestská knižnica Giraltovce 2019-11-29 14.00 11311 B 5446 2019-11-29 2019-11-29 Krásna literatúra pre dospelých

Powered by Koha